Statistics for Biggest Trading Partners - Australia

Click here to take the quiz!

General Stats

  • This quiz has been taken 10,306 times
    (10,186 since last reset)
  • The average score is 15 of 18

Answer Stats

Exports Imports Country % Correct
8.99 bil21.7 bilUnited States
100%
67.0 bil44.9 bilChina
99%
7.52 bil5.31 bilUnited Kingdom
97%
26.1 bil14.6 bilJapan
97%
6.51 bil5.62 bilNew Zealand
97%
7.64 bil3.25 bilIndia
96%
3.99 bil3.61 bilIndonesia
95%
3.36 bilFrance
93%
1.71 bil10.1 bilGermany
92%
12.5 bil8.06 bilSouth Korea
88%
2.71 bil10.9 bilThailand
86%
3.51 bil6.96 bilMalaysia
84%
2.80 bil3.33 bilVietnam
83%
4.39 bilItaly
83%
4.26 bil5.25 bilSingapore
80%
5.26 bil3.25 bilTaiwan
74%
1.65 bilNetherlands
51%
2.18 bilUnited Arab Emirates
41%

Score Distribution

Percentile by Number Answered

Percent of People with Each Score

Your Score History

You have not taken this quiz since the last reset